Logo BPK

Biblioteka

Politechniki Koszalińskiej

Zabezpieczenia i izolacje : (Rekord nr 46393)

Szczegóły MARC
000 -ETYKIETA REKORDU
podpole kontrolne o stałej długości 01282nam a2200325 i 4500
001 - NUMER KONTROLNY REKORDU
pole kontrolne bg
020 ## - MIĘDZYNARODOWY ZNORMALIZOWANY NUMER KSIĄŻKI - ISBN
ISBN 8373706607 (całość)
020 ## - MIĘDZYNARODOWY ZNORMALIZOWANY NUMER KSIĄŻKI - ISBN
ISBN 8374136715 (z.5)
040 ## - ŹRÓDŁO KATALOGOWANIA
Instytucja, która utworzyła rekord BPK
041 0# - KOD JĘZYKA
Kod języka tekstu pol
080 ## - UNIWERSALNA KLASYFIKACJA DZIESIĘTNA - UKD
UKD 692
080 ## - UNIWERSALNA KLASYFIKACJA DZIESIĘTNA - UKD
UKD 699.8
080 ## - UNIWERSALNA KLASYFIKACJA DZIESIĘTNA - UKD
UKD (083.1)
920 ## - Międzynarodowy znormalizowany numer książki – ISBN
ISBN 83-7370-660-7 (całość)
920 ## - Międzynarodowy znormalizowany numer książki – ISBN
ISBN 83-7413-671-5 (z.5)
008 - POLE O STAŁEJ DŁUGOŚCI - DANE KONTROLNE
podpole kontrolne o stałej długości s pl f |000 0 pol
100 1# - NAZWA OSOBOWA
Nazwa osobowa Francke, Barbara.
245 10 - TYTUŁ/ODPOWIEDZIALNOŚĆ
Tytuł Zabezpieczenia i izolacje :
Ciąg dalszy tytułu [instrukcja].
Oznaczenie części/sekcji dzieła Z. 6,
Tytuł części/sekcji dzieła Izolacje przeciwwilgociowe i wodochronne części podziemnych budynków /
Pozostałe elementy strefy tytułu i oznaczenia odpowiedzialności Barbara Francke, Zbigniew Ściślewski].
260 ## - STREFA ADRESU WYDAWNICZEGO
Miejsce wydania Warszawa :
Nazwa wydawcy/dystrybutora Instytut Techniki Budowlanej,
Data publikacji, dystrybucji/powstania dokumentu 2005.
300 ## - STREFA OPISU FIZYCZNEGO
Objętość 23 s. ;
Rozmiary 24 cm.
490 1# - STREFA SERII I DOKUMENTU WIELOCZĘŚCIOWEGO - FORMA NIE DO WYSZUKIWANIA
Tytuł i oznaczenie odpowiedzialności serii Instrukcje. Wytyczne. Poradniki / Instytut Techniki Budowlanej ;
-- Warunki techniczne wykonania i odbioru robót budowlanych ;
Numeracja w obrębie serii 408/2004
-- Cz. C
490 1# - STREFA SERII I DOKUMENTU WIELOCZĘŚCIOWEGO - FORMA NIE DO WYSZUKIWANIA
Tytuł i oznaczenie odpowiedzialności serii Warunki techniczne wykonania i odbioru robót budowlanych ;
Numeracja w obrębie serii Cz. C
650 #4 - HASŁO PRZEDMIOTOWE W FORMIE NAZWY OGÓLNEJ LUB JEDNOSTKOWEJ
Nazwa ogólna lub geograficzna Izolacje
Określnik ogólny budownictwo
650 #4 - HASŁO PRZEDMIOTOWE W FORMIE NAZWY OGÓLNEJ LUB JEDNOSTKOWEJ
Nazwa ogólna lub geograficzna Izolacje przeciwwilgociowe
650 #4 - HASŁO PRZEDMIOTOWE W FORMIE NAZWY OGÓLNEJ LUB JEDNOSTKOWEJ
Nazwa ogólna lub geograficzna Instrukcje
700 1# - HASŁO DODATKOWE - NAZWA OSOBOWA
Nazwa osobowa Ściślewski, Zbigniew
Daty związane z nazwą (1936-2005).
830 ## - HASŁO DODATKOWE SERII LUB DOKUMENTU WIELOCZĘŚCIOWEGO - TYTUŁ UJEDNOLICONY
Tytuł ujednolicony Instrukcje. Wytyczne. Poradniki - Instytut Techniki Budowlanej ;
Oznaczenie tomu 408/2004
830 ## - HASŁO DODATKOWE SERII LUB DOKUMENTU WIELOCZĘŚCIOWEGO - TYTUŁ UJEDNOLICONY
Tytuł ujednolicony Warunki techniczne wykonania i odbioru robót budowlanych ;
856 ## - LOKALIZACJA I DOSTĘP DO ELEKTRONICZNYCH DOKUMENTÓW ZDALNYCH
Link (URL) http://koha.tu.koszalin.pl/cgi-bin/koha/opac-detail.pl?biblionumber=46393
Tekst linku Katalog online BPK
942 ## - DODATKOWE ELEMENTY (KOHA)
Typ dokumentu Książka
Egzemplarze
Wycofany Status egzemplarza Uszkodzony Dostępność Lokalizacja stała Lokalizacja bieżąca Miejsce przechowywania Sygnatura Kod kreskowy Typ dokumentu
      Dostępny Biblioteka Politechniki Koszalińskiej Biblioteka Politechniki Koszalińskiej Wypożyczalnia BG 76299 02276014 Książka
© 2023 Biblioteka Politechniki Koszalińskiej :: KOHA